The complete book on tomato and tomato product manufacturing : (Record no. 144092)

MARC details
000 -LEADER
fixed length control field 00590nam a22001697a 4500
005 - DATE AND TIME OF LATEST TRANSACTION
control field 20170906123843.0
010 ## - LCCN (DPL NO)
LC control number ENG-120233
020 ## - INTERNATIONAL STANDARD BOOK NUMBER
Terms of availability 1275.00
International Standard Book Number 9789381039687
035 ## - SYSTEM CONTROL NUMBER
System control number EN-103765
037 ## - SOURCE OF ACQUISITION
Source of stock number/acquisition DBAD/PUB
082 ## - DEWEY DECIMAL CLASSIFICATION NUMBER
Classification number 635.642
245 ## - TITLE STATEMENT
Title The complete book on tomato and tomato product manufacturing :
Statement of responsibility, etc by NPCS Board of Consultants & Engineers
Remainder of title cultivation and processing /
260 ## - PUBLICATION, DISTRIBUTION, ETC. (IMPRINT)
Place of publication, distribution, etc Delhi
Name of publisher, distributor, etc NIIR Project Consultancy Services
Date of publication, distribution, etc 2015
270 ## - ADDRESS
City Delhi
Postal code 110007
Address 106 - A, Kamla Nagar
300 ## - PHYSICAL DESCRIPTION
Extent 322p.
Dimensions 21cm(pbk)
Other physical details ill
942 ## - ADDED ENTRY ELEMENTS (KOHA)
Source of classification or shelving scheme Dewey Decimal Classification
Item type English Books
Call number suffix THE
Classification part 635.642
Holdings
Withdrawn status Lost status Not for loan Collection code Home library Current library Date acquired Source of acquisition Cost, normal purchase price Full call number Barcode Copy number Cost, replacement price Koha item type
      Non-fiction Sarojini Nagar Sarojini Nagar 06/09/2017 DBAD/PUB 1275.00 635.642 THE EN-103765 1 1275.00 English Books

© Delhi Public Library
Hit Counter
free hit counter